000 00755nam a2200253Ia 4500
003 OSt
005 20220928130512.0
006 a|||||r|||| 00| 0
007 ta
008 220927b |||||||| |||| 00| 0 eng d
020 _cINR 399.00
024 _a133747
037 _b0265, 08/03/2017, Bookwell Publications
_cTextual
040 _aSDCL
_cSDCL
_beng
041 _2eng
_aeng
082 _aV2:9'P, Q5 LR
100 _aSardesai Rajdeep
_9417168
245 0 _a2014
_b The election that changed India
260 _aGurgaon
_bPenguin
_c2015
300 _axxi,378p.
_ccm.
650 _aReference
942 _hV2:9'P, Q5 LR
_cTEXL
_2CC
999 _c786916
_d786916